[Event "Noisiel op 5th"]
[Site "Noisiel"]
[Date "2020.02.17"]
[Round "4"]
[White "Dubourg, Pierrick"]
[Black "Jonkman, Harmen"]
[Result "0-1"]
[WhiteElo "1965"]
[BlackElo "2385"]
[PlyCount "94"]
[EventDate "2020.02.15"]
[EventType "swiss"]
[EventRounds "9"]
[EventCountry "FRA"]
[SourceTitle "CBM 195 Extra"]
[Source "ChessBase"]
[SourceDate "2020.05.31"]
[SourceVersion "1"]
[SourceVersionDate "2020.05.31"]
[SourceQuality "1"]

1. e4 e5 2. Nf3 Nc6 3. Bb5 Nf6 4. 0-0 Nxe4 5. d4 Nd6 6. Bxc6 dxc6 7. dxe5 Nf5 8. Qxd8+ Kxd8 9. Rd1+ Ke8 10. Nc3 Ne7 11. h3 Ng6 12. Ne4 h6 13. Be3 Bf5 14. Nc5 Bxc5 15. Bxc5 Bxc2 16. Rd2 Be4 17. Nd4 Bd5 18. Nf5 Rg8 19. Kh2 Be6 20. Nd4 Rd8 21. Rad1 Rd5 22. Bxa7 Nxe5 23. b4 Kd7 24. Re1 b6 25. a4 Ra8 26. a5 Nc4 27. Nxe6 Rxd2 28. Nc5+ bxc5 29. Bxc5 Nd6 30. Re3 Rd5 31. g4 Rxc5 32. bxc5 Nb7 33. Rd3+ Ke6 34. Re3+ Kf6 35. Rf3+ Ke7 36. Re3+ Kf8 37. Rb3 Nxc5 38. Rb4 Rxa5 39. Rb8+ Ke7 40. Rg8 Ne6 41. f4 Nxf4 42. Rxg7 Ra3 43. Rh7 Rxh3+ 44. Kg1 Ng6 45. Kg2 Rh4 46. Kg3 c5 47. Rg7 Kf8 0-1